| 000 | 00435nam a2200181Ia 4500 | ||
|---|---|---|---|
| 005 | 20240716032850.0 | ||
| 008 | 240331s9999 xx 000 0 und d | ||
| 020 | _a0195082613 | ||
| 082 |
_a200 _bFUN |
||
| 245 | 0 | _aFudamentalism and gender | |
| 260 |
_aNew York _bOxford University press, Inc _c1994 |
||
| 300 | _avi, 220 p ., | ||
| 650 | _aGender | ||
| 650 | _aWomen | ||
| 650 | _aReligion | ||
| 650 | _aFundamentalism | ||
| 942 | _cL | ||
| 999 |
_c772 _d772 |
||